|
|
|
|
| LEADER |
00000naa2a2200000 4500 |
| 001 |
612493 |
| 005 |
20260424110245.0 |
| 035 |
|
|
|a (RuTPU)RU\TPU\conf\10615
|
| 035 |
|
|
|a RU\TPU\conf\10614
|
| 090 |
|
|
|a 612493
|
| 100 |
|
|
|a 20150617d2014 k y0rusy50 ca
|
| 101 |
0 |
|
|a rus
|
| 102 |
|
|
|a RU
|
| 135 |
|
|
|a drcn ---uucaa
|
| 181 |
|
0 |
|a i
|
| 182 |
|
0 |
|a b
|
| 200 |
1 |
|
|a Современные техника и технология разведки и добычи полезных ископаемых на морском шельфе
|f А. А. Митин
|g науч. рук. Т. Е. Мартынова
|
| 203 |
|
|
|a Текст
|c электронный
|
| 225 |
1 |
|
|a Нефтегазоносность морей и океанов Земли
|
| 300 |
|
|
|a Заглавие с титульного экрана
|
| 320 |
|
|
|a [Библиогр.: с. 197 (4 назв.)]
|
| 337 |
|
|
|a Adobe Reader
|
| 463 |
|
1 |
|0 (RuTPU)RU\TPU\conf\10372
|t Творчество юных - шаг в успешное будущее
|o материалы VII Всероссийской научной студенческой конференции с элементами научной школы имени профессора М.К. Коровина, г. Томск, 10-14 ноября 2014 г.
|f Национальный исследовательский Томский политехнический университет (ТПУ) ; под ред. А. Ю. Дмитриева
|v [С. 194-197]
|d 2014
|
| 610 |
1 |
|
|a труды учёных ТПУ
|
| 610 |
1 |
|
|a электронный ресурс
|
| 610 |
1 |
|
|a современная техника
|
| 610 |
1 |
|
|a технологии
|
| 610 |
1 |
|
|a добыча
|
| 610 |
1 |
|
|a полезные ископаемые
|
| 610 |
1 |
|
|a шельфы
|
| 700 |
|
1 |
|a Митин
|b А. А.
|
| 702 |
|
1 |
|a Мартынова
|b Т. Е.
|c геолог
|c эксперт музеев Томского политехнического университета
|f 1958-
|g Татьяна Евгеньевна
|3 (RuTPU)RU\TPU\pers\26064
|4 727
|
| 712 |
0 |
2 |
|a Национальный исследовательский Томский политехнический университет (ТПУ)
|b Институт природных ресурсов (ИПР)
|b Кафедра геологии и разведки полезных ископаемых (ГРПИ)
|3 (RuTPU)RU\TPU\col\18660
|
| 801 |
|
2 |
|a RU
|b 63413507
|c 20161014
|g RCR
|
| 856 |
4 |
|
|u http://www.lib.tpu.ru/fulltext/c/2015/C66/074.pdf
|
| 942 |
|
|
|c BK
|